| 000 | 01128nam a22003377a 4500 | ||
|---|---|---|---|
| 001 | BR2013006753 | ||
| 003 | BR-BrBNA | ||
| 005 | 20230928104240.0 | ||
| 007 | ta | ||
| 008 | 230509b bl.||||| |||| 00| 0 por d | ||
| 040 |
_aBR-BrBNA _bpor _cBiblioteca Nacional de Agricultura |
||
| 041 | _a(Por) | ||
| 072 |
_aL73 _b5300 _b4150 |
||
| 090 | _ 5300 BR2013006753 | ||
| 100 | 1 | _aDias, A.S. | |
| 110 | 1 |
_aUniversidade Federal de Minas Gerais, Belo Horizonte (Brasil). Escola de Veterinária _0Tese (Mestre em Ciência Animal) |
|
| 245 | 1 | _aCircovírus suíno tipo 2 e parvovírus suíno: estudo do envolvimento em alterações reprodutivas em marrãs e porcas de primeiro a terceiro parto | |
| 260 | 3 |
_aBelo Horizonte, MG (Brasil): _c2010. |
|
| 300 | _a77 p. | ||
| 500 | _aSummaries (Eng, Por); Bibliography p. 55-63; 11 illus.; 11 tables | ||
| 650 | _aMARRÃ | ||
| 650 | _aSUÍNO | ||
| 650 | _aVÍRUS | ||
| 650 | _aREPRODUÇÃO ANIMAL | ||
| 650 | _aINFECÇÃO | ||
| 650 | _aVACINA | ||
| 650 | _aTRANSMISSÃO DE DOENÇA | ||
| 650 | _aBIOQUIMICA ANIMAL | ||
| 909 |
_a202309 _bLucia _c55 _dLucia Elande |
||
| 942 | _cBK | ||
| 999 |
_c78903 _d78903 |
||